Équipes de la NBA - Statistiques

Statistiques générales
  • Ce quiz a été pris 647 fois
  • Le résultat moyen est 23 sur 30
Statistiques - réponses
% Correct
Lakers de Los Angeles
97%
Conférence Est Division Atlantique Celtics de Boston
91%
Division Pacifique Warriors de Golden State
90%
Nets de Brooklyn
89%
Heat de Miami
86%
Spurs de San Antonio
86%
Bucks de Milwaukee
82%
Knicks de New York
82%
Division Centrale Bulls de Chicago
81%
Clippers de Los Angeles
81%
Conférence Ouest Division Nord-Ouest Nuggets de Denver
81%
Division Sud-Ouest Mavericks de Dallas
74%
Raptors de Toronto
73%
Rockets de Houston
73%
Suns de Phoenix
73%
Kings de Sacramento
72%
Pistons de Détroit
72%
Thunder d'Oklahoma City
72%
Cavaliers de Cleveland
71%
Jazz de l'Utah
71%
Grizzlies de Memphis
70%
Hornets de Charlotte
70%
Timberwolves du Minnesota
69%
Wizards de Washington
69%
76ers de Philadelphie
68%
Magic d'Orlando
66%
Divison Sud-Est Hawks d'Atlanta
65%
Pacers de l'Indiana
65%
Pelicans de La Nouvelle-Orléans
62%
Trail Blazers de Portland
59%
Aucun quiz correspondant
Distribution des résultats
% des personnes avec chaque résultat
Percentile par nombre de réponses
Votre historique - résultats
Vous n’avez pas pris ce quiz